000 00844nam a2200205Ia 4500
999 _c38823
_d38823
001 5230
003 GE_BSU
005 20190626195559.0
008 181216s1982||||ge |||||||||||||| ||geo||
041 _ageo
080 _a621.317(072) ხ-25
100 _aხარატიშვილი, ლ.
_92826
245 _aელექტრული გაზომვები ნაწ. 2 : დამხმ. სახელმძღვ. /
_cლ. ხარატიშვილი ; რედ : ე. გიორგაძე.
264 _aთბილისი :
_bსპი,
_c1982.
300 _a99გვ .:
_bცხრ.
_c19 სმ.
653 _aელექტრული გაზომვები
653 _aტექნიკა
700 _aგიორგაძე, ე
_eრედაქტორი
_9398
942 _cBK
_2udc